000 00724nam a22002171c 4500
001 331203049
008 170406s2002 gw |||| 000u ger d
020 _a3596130867
_93-596-13086-7
041 _ager
245 0 0 _aBiographisches Lexikon zum Dritten Reich /
_cHermann Weiß (Hg.)
250 _aÜberarb. Neuausg.
264 _aFrankfurt am Main :
_bFischer-Tachenbuch-Verl.,
_c2002
300 _a503 S.
650 0 _aDrittes Reich
700 1 _aWeiß, Hermann
_eHerausgeberIn
856 4 _uhttp://hsozkult.geschichte.hu-berlin.de/rezensionen/type=rezbuecher&id=4250
_zBuchrezension (H-Soz-u-Kult)
942 _cMG
040 _cRU-10907106
003 RU-10907106
999 _c41745
_d41745
490 4 _aDie Zeit des Nationalsozialismus
_v13086